00482nam a2200169Ia 450000500170000000800410001702000100005804000190006804100120008708200160009910000220011524500830013726000430022030000120026365000270027585000100030220221114144240.0131103s9999 xx 000 0 und d cRs.15 aLoreto College aEnglish a954.03bGHO aGhosh,Pansy Chaya 4aThe development of the Indian National Congress 1892 - 1909cPansy Chaya Ghosh aCalcuttabFirma K.L.Mukhopadhayac1960 a263 p.  aIndia - Modern History aLCLIB